000 00469nam a2200181Ia 4500
001 7686
003 GE_BSU
008 181216s||||||||xx |||||||||||||| ||und||
040 _cGE_BSU
245 _aSQL Server. №8 (152). Август.2013.
245 _bЖурнал для профессионалов.
260 _aМосква.
260 _bинфопресс
260 _c2013.Август.
300 _a23ст;29см.
653 _aSQL Server
942 _cCR
999 _c41037
_d41037